ბათუმის შოთა რუსთაველის სახელმწიფო უნივერსიტეტის ბიბლიოთეკა

Antická Gerulata : (ბიბ.ჩანაწერი № 60704)

000 -LEADER
fixed length control field 00556nam a22001457a 4500
005 - DATE AND TIME OF LATEST TRANSACTION
control field 20231010172608.0
008 - FIXED-LENGTH DATA ELEMENTS--GENERAL INFORMATION
fixed length control field 231010s1985 enk||||| |||| 00| 0 slo d
041 ## - LANGUAGE CODE
Language code of text/sound track or separate title slo
080 ## - UNIVERSAL DECIMAL CLASSIFICATION NUMBER
Universal Decimal Classification number 069 P-60
100 ## - MAIN ENTRY--PERSONAL NAME
Personal name Pichlerová, Magda
9 (RLIN) 20056
245 ## - TITLE STATEMENT
Title Antická Gerulata :
Remainder of title výstava Slovenské národné múzeum Bratislava /
Statement of responsibility, etc. Magda Pichlerová.
300 ## - PHYSICAL DESCRIPTION
Extent 32 p.:
Other physical details ill.;
Dimensions 21 cm.
653 ## - INDEX TERM--UNCONTROLLED
keyword სლოვაკეთის ეროვნული მუზეუმის გამოფენა ბრატისლავაში
942 ## - ADDED ENTRY ELEMENTS (KOHA)
Source of classification or shelving scheme
Koha item type წიგნი
ეგზემპლარები
Withdrawn status Lost status Source of classification or shelving scheme Damaged status Not for loan Permanent Location Current Location Shelving location Date acquired Cost, normal purchase price Full call number Barcode Date last seen Copy number Uniform Resource Identifier Price effective from Koha item type Public note
          ბათუმის შოთა რუსთაველის სახელმწიფო უნივერსიტეტის მთავარი ბიბლიოთეკა ბათუმის შოთა რუსთაველის სახელმწიფო უნივერსიტეტის მთავარი ბიბლიოთეკა წიგნსაცავი 2023-10-10 4.00 069 P-60 65287 2023-10-10 65287 ბსუ-ს საპატიო დოქტორის გურამ ლორთქიფანიძის საჩუქარი 2023-10-10 წიგნი 4 ლ.